| 000 | 00448nam a22001577a 4500 | ||
|---|---|---|---|
| 999 |
_c3736 _d3736 |
||
| 008 | 200626b ||||| |||| 00| 0 eng d | ||
| 020 | _cRs.2.00 | ||
| 082 | 0 | 0 |
_a954.03092 _bD2291 |
| 100 |
_93064 _aDas Gupta, Hemendranath. |
||
| 245 | 1 | 0 |
_aDeshbandhu Chittaranjan Das _cby Hemendranath. Das Gupta |
| 260 |
_aDelhi : _bMinistry of Information & Broadcasting, _c1960. |
||
| 300 | _a234 p. | ||
| 365 | _b INR 2.00 | ||
| 650 | 0 | _aBiography | |
| 942 | _cBK | ||